00546nam a2200181 a 450000500170000000800410001702000150005805000260007310000210009924500720012026000330019230000300022552100090025565000280026465000220029265000290031470000210034320140310183433.0080114s19uu xx 00 eng d a0071246223 aHC 79.I55b.D674 2005 aDorf, Richard C. aTechnology ventures :bfrom idea to enterprise. /cRichard C. Dorf. aU.S.A :bMcGraw-Hill,c2005. a664 p. :bill. ;c23 cm.  aBSBA aInformation technology. aEntrepreneurship. aNew business enterprise. aByers, Thomas H.